000 00827nam a2200241Ia 4500
003 OSt
005 20220918214436.0
006 a|||||r|||| 00| 0
007 ta
008 220917b |||||||| |||| 00| 0 eng d
024 _a137,554
037 _cTextual
040 _aARTS
_cARTS
_beng
041 _2eng
_aeng
082 _aXM25,8t2:N64, K4
110 _aIndia, Community Development And Cooperation (Ministry of-), Cooperation (Department of-). General Insurance Cooperatives (Study team on-)
_9131385
245 0 _aReport
260 _c1964
650 _aECONOMICS
700 _aIndia, Community Development And Cooperation (Ministry of-), Cooperation (Department of-). General Insurance Cooperatives (Study team on-)
_9131386
942 _hXM25,8t2:N64, K4
_cTEXL
_2CC
999 _c260634
_d260634